[Event "BMM 05/06 Zita 1 - Kreuzberg 4"]
[Site "Estrel-Hotel"]
[Date "2006.04.30"]
[Round "9.1"]
[White "Schnitzer, Peter"]
[Black "Baumgardt, Uwe"]
[Result "1-0"]
[WhiteElo "2128"]
[BlackElo "2204"]
[PlyCount "70"]
[EventDate "2006.04.30"]

1. e4 d6 2. d4 Nf6 3. Nc3 g6 4. f4 Bg7 5. Nf3 O-O 6. a3 Na6 7. Be3 c6 8. h3
Nc7 9. Bd3 b6 10. g4 c5 11. dxc5 bxc5 12. Qe2 Rb8 13. Rb1 Bb7 14. O-O d5
15. exd5 Ncxd5 16. Bd2 Nb6 17. b3 Nfd5 18. Ne4 Qc7 19. Ne1 Bd4+ 20. Kh2 e5
21. f5 Nf4 22. Bxf4 exf4 23. Nf3 Rfe8 24. fxg6 hxg6 25. c3 Bg7 26. c4 Rbd8
27. Rbe1 Bxe4 28. Bxe4 f5 29. Bd5+ Nxd5 30. Qxe8+ Rxe8 31. Rxe8+ Kf7 32. Ra8
Ne3 33. Ng5+ Kf6 34. Nh7+ Ke7 35. Rf2 fxg4 1-0

[Event "BMM 05/06 Zita 1 - Kreuzberg 4"]
[Site "Estrel-Hotel"]
[Date "2006.04.30"]
[Round "9.2"]
[White "Kohler, Thomas"]
[Black "Zeitz, Philip"]
[Result "1/2-1/2"]
[WhiteElo "2105"]
[BlackElo "2100"]
[PlyCount "23"]
[EventDate "2006.04.30"]

1. d4 d5 2. c4 c6 3. Nf3 Nf6 4. e3 Bf5 5. Bd3 Bxd3 6. Qxd3 e6 7. O-O Nbd7
8. Nc3 Be7 9. e4 dxe4 10. Nxe4 Nxe4 11. Qxe4 O-O 12. Bf4 1/2-1/2

[Event "BMM 05/06 Zita 1 - Kreuzberg 4"]
[Site "Estrel-Hotel"]
[Date "2006.04.30"]
[Round "9.3"]
[White "Cremers, Michael"]
[Black "Riedel, Hartmut"]
[Result "0-1"]
[WhiteElo "2036"]
[BlackElo "2175"]
[PlyCount "106"]
[EventDate "2006.04.30"]

1. Nf3 Nf6 2. g3 g6 3. b3 Bg7 4. Bb2 O-O 5. Bg2 d6 6. d4 Nbd7 7. O-O e5
8. dxe5 Ng4 9. Qd2 Ngxe5 10. c4 Nxf3+ 11. Bxf3 Bxb2 12. Qxb2 Ne5 13. Bg2 Be6
{(=)} 14. Nc3 Qe7 15. Nd5 Bxd5 16. cxd5 f5 17. Rac1 Qg7 18. Qd2 Rf7 19. Qb4 b6
20. h3 a5 21. Qd2 g5 22. f4 gxf4 23. gxf4 Ng6 24. Kh2 Re8 25. Bf3 Rfe7 26. Rg1
Qf6 27. Rg5 Kh8 28. Bh5 Re3 29. Rcg1 R8e4 30. Bf3 Qd4 31. Qxd4+ Rxd4 32. Rxf5
Rxf4 33. Rfg5 Kg7 34. Rc1 Kf6 35. Rh5 Re7 36. Kg3 Rd4 37. Rc3 Nf4 38. Rh6+ Kg5
39. Rh4 Nxe2+ 40. Bxe2 Rxh4 41. Bg4 Rh6 42. Be6 Rf6 43. a4 Rf8 44. Bg4 Rb8
45. Be6 c5 46. Rc4 b5 47. h4+ Kf6 48. Rf4+ Ke5 49. Rf5+ Kd4 50. Kg4 c4 51. bxc4
bxc4 52. Kg5 c3 53. Kf6 Rc7 0-1

[Event "BMM 05/06 Zita 1 - Kreuzberg 4"]
[Site "Estrel-Hotel"]
[Date "2006.04.30"]
[Round "9.5"]
[White "Bethe, Stephan"]
[Black "Schulz, Wolfgang"]
[Result "1-0"]
[WhiteElo "2055"]
[BlackElo "2066"]
[PlyCount "95"]
[EventDate "2006.04.30"]

1. e4 e5 2. Nf3 Nc6 3. d4 exd4 4. Nxd4 Bc5 5. Nb3 Bb6 6. a4 a6 7. Nc3 d6
8. Nd5 Ba7 9. Bg5 Nge7 10. Be2 Be6 11. O-O Qd7 12. Nxe7 Nxe7 13. Nd4 O-O
14. Kh1 Nc6 15. Nxc6 Qxc6 16. f4 Bc4 17. Bd3 f6 18. Bh4 Bd4 19. c3 Ba7 20. b3
Bxd3 21. Qxd3 Rae8 22. Rae1 Re6 23. Re2 Rfe8 24. Rfe1 a5 25. Bg3 Qb6 $2 26. Bf2
c5 27. c4 Qc6 28. Kg1 Bb8 29. Bg3 Kf7 30. Kf2 Bc7 31. Qf3 Kg8 32. h4 Qd7
33. Qd3 Qc6 34. h5 h6 35. Kf3 f5 36. Qd5 fxe4+ 37. Rxe4 Qxd5 38. cxd5 Rxe4
39. Rxe4 Rxe4 40. Kxe4 Bd8 41. Be1 Kf7 42. Kf5 b6 43. g4 Bf6 44. g5 Bd4 45. Bd2
Bb2 46. Ke4 g6 47. hxg6+ Kxg6 48. f5+ 1-0

[Event "BMM 05/06 Zita 1 - Kreuzberg 4"]
[Site "Estrel-Hotel"]
[Date "2006.04.30"]
[Round "9.6"]
[White "Böttcher, Patrick"]
[Black "Schmidt, Jürgen"]
[Result "1-0"]
[WhiteElo "1967"]
[BlackElo "2047"]
[PlyCount "99"]
[EventDate "2006.04.30"]

1. e4 e5 2. Nf3 Nc6 3. Bb5 a6 4. Ba4 Nf6 5. O-O Be7 6. Re1 b5 7. Bb3 O-O 8. c3
d5 9. exd5 Nxd5 10. Nxe5 Nxe5 11. Rxe5 c6 12. d4 Bd6 13. Re1 Qh4 14. g3 Qh3
15. Be3 Bg4 16. Qd3 Rae8 17. Nd2 Re6 18. a4 bxa4 19. Rxa4 f5 20. Qf1 f4
21. Bxd5 cxd5 22. Bxf4 Qxf1+ 23. Rxf1 Bxf4 24. gxf4 Rg6 25. Kh1 Rxf4 26. f3 Bd7
27. Raa1 Bb5 28. Rg1 Rb6 29. Kg2 Bd3 30. Kg3 Rff6 31. b3 Rg6+ 32. Kf2 Rgc6
33. Rac1 Rh6 34. Rg2 Rhe6 35. Kg3 Rg6+ 36. Kf2 Rge6 37. Kg1 Re3 38. c4 dxc4
39. bxc4 Rd6 40. d5 Bg6 41. Kf2 Ra3 42. Ne4 Rd8 43. Nc5 Rf8 44. Rg3 Bf5 45. h4
Re8 46. Nb7 Ra2+ 47. Kg1 Rb8 48. Nd6 Bd7 49. c5 Rd2 50. Ne4 1-0

[Event "BMM 05/06 Zita 1 - Kreuzberg 4"]
[Site "Estrel-Hotel"]
[Date "2006.04.30"]
[Round "9.7"]
[White "Poppner, Dietmar"]
[Black "Schirrmacher, Carsten"]
[Result "1/2-1/2"]
[WhiteElo "1968"]
[BlackElo "1902"]
[PlyCount "42"]
[EventDate "2006.04.30"]

1. f4 g6 2. e4 Bg7 3. d4 c5 4. c3 d6 5. dxc5 dxc5 6. Qxd8+ Kxd8 7. Be3 b6
8. Bc4 e6 9. Nf3 Bb7 10. Nbd2 Nf6 11. O-O-O Ke7 12. Rhe1 Rd8 13. f5 Ng4 14. Bg1
Nc6 15. fxe6 fxe6 16. Ng5 Bh6 17. h4 Nce5 18. Be2 Nf6 19. Ndf3 Nfg4 20. Nd2 Nf6
21. Ndf3 Nfg4 1/2-1/2

[Event "BMM 05/06 Zita 1 - Kreuzberg 4"]
[Site "Estrel-Hotel"]
[Date "2006.04.30"]
[Round "9.8"]
[White "Zaeske, Winfried"]
[Black "Eberhard, Olaf"]
[Result "0-1"]
[WhiteElo "1953"]
[BlackElo "2035"]
[EventDate "2006.04.30"]
[PlyCount "64"]

1. e4 d6 2. d4 Nf6 3. Nc3 Nbd7 4. f4 e5 5. Nf3 exd4 6. Qxd4 c6 7. Be3 d5
8. Qd3 Bb4 9. O-O-O O-O 10. e5 Ng4 11. Ng5 g6 12. Bg1 Ndxe5 13. Qg3 Be7 14. h4
f6 15. Nxh7 Kxh7 16. fxe5 Nxe5 17. Be3 Bd6 18. Bf4 Bf5 19. Kb1 Nf7 20. Be2 Bxf4
21. Qxf4 Qd6 22. Qf2 Nh6 23. Rd4 Qe6 24. Bf3 Rae8 25. Rb4 b6 26. a4 Qe3 27. Qg3
Qe5 28. Qf2 c5 29. Rb5 d4 30. Ne2 d3 31. Ng3 dxc2+ 32. Kc1 Qf4+ 0-1

[Event "BMM 05/06 Zita 2 - SW Neukölln 2"]
[Site "Estrel-Hotel"]
[Date "2006.04.30"]
[Round "9.1"]
[White "Elsner, Thomas"]
[Black "Rohrbach, Stephan"]
[Result "1/2-1/2"]
[WhiteElo "2039"]
[BlackElo "1879"]
[PlyCount "37"]
[EventDate "2006.04.30"]

1. e4 e6 2. c4 c5 3. Nc3 Nc6 4. Nf3 e5 5. d3 d6 6. Be2 f5 7. exf5 Bxf5 8. Bg5
Be7 9. Bxe7 Ngxe7 10. Ne4 O-O 11. Qd2 Bxe4 12. dxe4 Nd4 13. Nxd4 cxd4 14. O-O
Ng6 15. g3 Qb6 16. Rac1 Rf6 17. b4 Qc6 18. f4 exf4 19. Qxd4 1/2-1/2

[Event "BMM 05/06 Zita 2 - SW Neukölln 2"]
[Site "Estrel-Hotel"]
[Date "2006.04.30"]
[Round "9.2"]
[White "Grunewald, Peter"]
[Black "Kötz, Andreas"]
[Result "1/2-1/2"]
[WhiteElo "1879"]
[BlackElo "1931"]
[PlyCount "35"]
[EventDate "2006.04.30"]

1. e4 c5 2. Nf3 Nc6 3. d4 cxd4 4. Nxd4 Nf6 5. Nc3 e5 6. Ndb5 d6 7. Bg5 a6
8. Bxf6 gxf6 9. Na3 b5 10. Nd5 Bg7 11. c3 f5 12. Bd3 Ne7 13. Nxe7 Qxe7 14. f3
f4 15. Qe2 O-O 16. Nc2 Qb7 17. a3 Be6 18. Nb4 1/2-1/2

[Event "BMM 05/06 Zita 2 - SW Neukölln 2"]
[Site "Estrel-Hotel"]
[Date "2006.04.30"]
[Round "9.3"]
[White "Platzek, Janine"]
[Black "Weitemeier, Hans"]
[Result "1-0"]
[WhiteElo "1885"]
[BlackElo "1803"]
[PlyCount "85"]
[EventDate "2006.04.30"]

1. Nf3 d5 2. d4 Nf6 3. c4 c6 4. e3 e6 5. Nc3 Bd6 6. Bd3 Nbd7 7. O-O O-O 8. Re1
dxc4 9. Bxc4 b5 10. Bd3 b4 11. Na4 e5 12. Qc2 Bb7 13. b3 Re8 14. dxe5 Nxe5
15. Nxe5 Bxe5 16. Bb2 Bxb2 17. Nxb2 Rc8 18. Red1 Qc7 19. Qc5 Re5 20. Qxb4 c5
21. Qf4 Nd5 22. Qh4 g6 23. Nc4 Re6 24. Rac1 f5 25. Be2 Qg7 26. Bf3 g5 27. Qg3
f4 28. exf4 Nxf4 29. Ne3 Bxf3 30. Qxf3 Rf6 31. Qg4 Rff8 32. Nf5 Qf6 33. Ng3 h5
34. Nxh5 Nxh5 35. Qxh5 Qxf2+ 36. Kh1 Qf6 37. h3 Rf7 38. Rd5 Rg7 39. Re1 g4
40. Re8+ Rxe8 41. Qxe8+ Qf8 42. Qxf8+ Kxf8 43. Rxc5 1-0

[Event "BMM 05/06 Zita 2 - SW Neukölln 2"]
[Site "Estrel-Hotel"]
[Date "2006.04.30"]
[Round "9.4"]
[White "Kleemeyer, Olaf"]
[Black "Kievelitz, Bernd"]
[Result "0-1"]
[WhiteElo "1625"]
[BlackElo "1899"]
[PlyCount "56"]
[EventDate "2006.04.30"]

1. d4 Nf6 2. Nf3 b6 3. e3 Bb7 4. Bd3 e6 5. b3 d5 6. O-O Bd6 7. Bb2 Nbd7
8. Nbd2 O-O 9. Ne5 c5 10. f4 Ne4 11. Rf3 f6 12. Nxd7 Qxd7 13. Rh3 Qf7 14. Nxe4
dxe4 15. Bc4 Bd5 16. Bxd5 exd5 17. Qh5 Qxh5 18. Rxh5 f5 19. Rd1 g6 20. Rh3 Rfd8
21. Rg3 Be7 22. a4 Rac8 23. Ba3 Kf7 24. c4 dxc4 25. bxc4 cxd4 26. Bxe7 Kxe7
27. exd4 Rxc4 28. d5 Rxa4 0-1

[Event "BMM 05/06 Zita 2 - SW Neukölln 2"]
[Site "Estrel-Hotel"]
[Date "2006.04.30"]
[Round "9.5"]
[White "Schmidt, Stefan"]
[Black "Tonn, Ralf"]
[Result "1-0"]
[WhiteElo "1923"]
[BlackElo "1632"]
[PlyCount "27"]
[EventDate "2006.04.30"]

1. e4 e6 2. d4 d5 3. e5 c5 4. c3 Nc6 5. Nf3 Qb6 6. Bd3 cxd4 7. cxd4 Bb4+
8. Nc3 Nge7 9. a3 Bxc3+ 10. bxc3 O-O 11. Bxh7+ Kxh7 12. Ng5+ Kg6 13. Qg4 f5
14. Qh4 1-0

[Event "BMM 05/06 Zita 2 - SW Neukölln 2"]
[Site "Estrel-Hotel"]
[Date "2006.04.30"]
[Round "9.6"]
[White "Lenke, Peter"]
[Black "Francke, Jörg"]
[Result "0-1"]
[WhiteElo "1800"]
[BlackElo "1919"]
[PlyCount "57"]
[EventDate "2006.04.30"]

1. e4 e5 2. Nf3 Nf6 3. Nxe5 d6 4. Nf3 Nxe4 5. d4 d5 6. Bd3 Bd6 7. O-O O-O
8. c4 c6 9. Nc3 Nxc3 10. bxc3 Bg4 11. h3 Bh5 12. Rb1 dxc4 13. Bxc4 b5 14. Bd3
Nd7 15. Re1 Nb6 16. g4 Bg6 17. Ne5 Bxd3 18. Qxd3 Rc8 19. Bd2 Re8 20. Nf3 Nc4
21. Rxe8+ Qxe8 22. Re1 Qd8 23. Bc1 f6 24. Qf5 g6 25. Qe6+ Kg7 26. h4 Rc7 27. g5
f5 28. Ne5 Qe7 29. Nd3
{Ab diesem Zug werden die Aufzeichnungen leider etwas wirr. Es
steht geschrieben: 29...TxT 30.SxT Kf7 31.Kg2 a5 32.Kf3 Kd5 33.Lf4 La7 34.Lc7
Ld6 35.Lxd6 Sxd6 36.Sc1 Se4 37.Se2 Kc4 38.Kf4 Sxc3 39.SxS Kxc3 - vielleicht
gelingt es ja jemandem, eine halbwegs plausible Zugfolge daraus zu
konstruieren.}
0-1

[Event "BMM 05/06 Zita 2 - SW Neukölln 2"]
[Site "Estrel-Hotel"]
[Date "2006.04.30"]
[Round "9.8"]
[White "Müller, Melanie"]
[Black "Metzger, Eberhard"]
[Result "0-1"]
[WhiteElo "1141"]
[BlackElo "1809"]
[PlyCount "72"]
[EventDate "2006.04.30"]

1. d4 g6 2. Nf3 Bg7 3. e3 d6 4. Bd3 Nd7 5. O-O e6 6. b3 Ne7 7. Bb2 O-O 8. Nbd2
b6 9. c4 Bb7 10. e4 h6 11. Re1 c5 12. Ba3 Qc7 13. Bb2 Rad8 14. Rb1 e5 {(=)}
15. d5 Bc8 16. Nf1 f5 17. g3 Nf6 18. Nh4 fxe4 19. Bxe4 Nxe4 20. Rxe4 g5 21. Nf3
Bf5 22. N1d2 Qd7 23. Ne1 Rf7 24. Re3 Bxb1 25. Qxb1 Rdf8 26. Ne4 Nf5 27. Re2 Qe7
28. Nc2 h5 29. Bc1 Bh6 30. f3 Rg7 31. Rf2 Rg6 32. Ne3 Nd4 33. Nd2 Qg7 34. h3 g4
35. f4 exf4 36. gxf4 gxh3+ 0-1

[Event "BMM 05/06 Zita 4 - Siemensstadt 4"]
[Site "Estrel-Hotel"]
[Date "2006.04.30"]
[Round "9.1"]
[White "Domke, Ari"]
[Black "Hoffmann, Berno"]
[Result "1/2-1/2"]
[WhiteElo "1417"]
[BlackElo "1284"]
[PlyCount "66"]
[EventDate "2006.04.30"]

1. d4 d5 2. c3 Nf6 3. Bg5 e6 4. Nd2 Be7 5. Bxf6 Bxf6 6. e3 O-O 7. Bd3 Nd7
8. Qe2 Be7 9. O-O-O Nf6 10. f4 c5 11. dxc5 Bxc5 12. Ngf3 Qb6 13. Nd4 Bxd4
14. exd4 Bd7 15. g4 a6 16. Bb1 Ba4 17. Rdg1 Bb5 18. Qf3 Bc6 19. h4 g6 20. Rh2
Qc7 21. Rgh1 b5 22. g5 Nh5 23. Rf1 Rac8 24. a3 Bb7 25. Nb3 a5 26. Nc5 Qc6
27. b4 axb4 28. axb4 Ra8 29. Ra2 Rxa2 30. Bxa2 Ra8 31. Kb2 Qc7 32. Bb3 Bc6
33. Qf2 Qa7 {(=)
} 1/2-1/2